000 00421nam a2200181Ia 4500
005 20231030094311.0
008 131103s9999 xx 000 0 und d
040 _aLoreto College
041 _aEnglish
082 _a759.05
_bDEG
100 _aBouret,Jean
245 _aDegas
260 _aLondon
_bThames and Hudson
_c1965
300 _a272p
440 _a132 plates 57 in color
850 _aLCLIB
942 _cBK
999 _c35981
_d86460